00897 a2200193 4500020001500000040001300015082001000028100001900038245007100057260012200128300002700250651005300277651005600330710006500386942002300451999001500474952012100489952009300610 a969832903X aDLCbDLC a954.61 aHussain, Ijaz.10aKashmir dispute : an international law perspective cIjaz Hussain. aIslamabad :bQuaid-i Azam Chair, National Institute of Pakistan Studies, Quaid-i- Azam University, Islamabad,cc1998. axiii, 309 p. ;c23 cm. 0aJammu and Kashmir (India)xInternational status. 0aJammu and Kashmir (India)xPolitics and government.2 aNational Institute of Pakistan Studies.bQuaid-i-Azam Chair. cBKk954.6 HUS2ddc c4759d4759 001040708NFICaCLbCLcGENd2000-12-09g450.00l1o954.6 HUSpSEECS000742r2022-01-03s2021-12-29w2017-01-05yBK 00102ddc4070aCLbCLd2023-10-22l0o954.6 HUSpCL-D-2491r2023-10-22w2023-10-22yBK